| 000 | 00833nam a2200181 i 4500 | ||
|---|---|---|---|
| 001 | bg | ||
| 100 | 1 | _aBUCEWICZ, Andrzej | |
| 245 | 0 |
_aTermodynamiczna teoria procesów transportowych w porowatych materiałach budowlanych / _cA. Bucewicz. |
|
| 260 |
_aWrocław, _c1990. |
||
| 490 | 1 |
_aPrace Naukowe Instytutu Techniki Cieplnej i Mechaniki Płynów Politechniki Wrocławskiej. Monografie = _aScientific Papers of the Institute of Power Engineering and Fluid Mechanics of the Technical University of Wrocław. Monographs, _x0324-9387 ; _v19 |
|
| 500 | _aNumeracja ser. gł. : 40. | ||
| 830 | 0 |
_aPrace Naukowe Instytutu Techniki Cieplnej i Mechaniki Płynów Politechniki Wrocławskiej. _pMonografie ; _v19 |
|
| 040 | _cBPK | ||
| 041 | _apol | ||
| 080 | _a539.2:691:536.7 | ||
| 942 | _cKS | ||
| 008 | s pl f |000 0 pol | ||
| 999 |
_c29404 _d29404 |
||
| 856 |
_uhttp://koha.tu.koszalin.pl/cgi-bin/koha/opac-detail.pl?biblionumber=29404 _yKatalog online BPK |
||